Doplnkové dôchodkové sporenie - nepovinný III. pilier

Doplnkové dôchodkové sporenie - cieľ sporenia v III. pilieri. Pre koho je vhodné. Dávky, ktoré sa vyplácajú z III. piliera - doplnkový starobný dôchodok, doplnkový výsluhový dôchodok, jednorazové vyrovnanie, odstupné.

Salvato in:
Dettagli Bibliografici
Autore principale: Slaninková, Katarína
Natura: Capitolo di libro
Lingua:slovacco
Soggetti:
Tags: Aggiungi Tag
Nessun Tag, puoi essere il primo ad aggiungerne!!

MARC

LEADER 00000naa$a2200000$$$4500
001 0080318
005 20231120110350.6
041 0 |a slo 
044 |a SK 
245 1 0 |a Doplnkové dôchodkové sporenie - nepovinný III. pilier  |c Katarína Slaninková 
520 |a Doplnkové dôchodkové sporenie - cieľ sporenia v III. pilieri. Pre koho je vhodné. Dávky, ktoré sa vyplácajú z III. piliera - doplnkový starobný dôchodok, doplnkový výsluhový dôchodok, jednorazové vyrovnanie, odstupné. 
610 2 0 |a sporenie dôchodkové doplnkové 
610 2 0 |a dôchodky starobné 
610 2 0 |a Slovensko 
100 1 |a Slaninková, Katarína